000 00457nam a2200169Ia 4500
008 180921t1963 xxu||||| |||| 00| 0 sin d
041 _asin
080 _a651.923
_bPEI
100 _aPeiris, T.S.
245 _aසමිපුර්ණ සිංහල යතුරු ලේඛනය
246 _aComplete sinhala typewriting
260 _b
_c1963
300 _a99p., 22 cm
942 _cBK
999 _c17886
_d17886
003 LK-CoDNM
040 _aLK-CoDNM
_dLK-CoDNM
_eLK-CoDNM